000 00480nam a2200169 a 4500
001 000035505
005 20200930074407.0
008 111102s1996 mx 000 0 spa d
020 _a9681903382
040 _aDO-SdBNP
_bspa
_cBNPHU
082 _axxxx
_bxxxx
100 1 _aRamírez, Sergio,
_d1942-
_917566
245 1 0 _aCuentos completos /
_cSergio Ramírez.
260 _aMéxico, :
_bAlfaguara,
_c1996.
300 _a340 p. ;
_c24 cm.
700 1 _aBenedetti, Mario,
_epról.
_934313
999 _c34996
_d34996